| 000 | 01067 a2200205 4500 | ||
|---|---|---|---|
| 001 | 21692 | ||
| 005 | 20260407155507.0 | ||
| 008 | 260407a1978 arg spa d | ||
| 003 | AR-UNSa-BCEJYS | ||
| 040 |
_aAR-UNSa-BCEJYS _bspa _cAR-UNSa-BCEJYS |
||
| 080 |
_a347.72 _xSociedades comerciales |
||
| 245 | 1 | 0 | _aInvalidez de actos societario |
| 264 | 1 |
_aBuenos Aires : _bAbaco _c1978 |
|
| 300 |
_a460 p. _c23 cm. |
||
| 505 | _a1. El acto jurídico - 2. Acto jurídico colegial - 3. Invalidez de actos jurídicos - 4. Particularidades de la invalidez societaria - 5. Invalidez vincular - 6. Invalidez formal: irregularidad - 7. Invalidez causal. Desestimación (Parte 1º) - 8. Invalidez causal. Desestimación (Parte 2º) - 9. Invalidez causal. Desestimación (Parte 3º) - 10. Invalidez especial - 11. Invalidez operativa - 12. Invalidez funcional | ||
| 942 | _cBK | ||
| 590 | _aniveau_biblio:m niveau_hierar:0 | ||
| 100 | 1 | _aOtaegui, Julio C. | |
| 856 | 4 | 1 |
_uhttps://biblioeco.unsa.edu.ar/pmb/images/libros/Invalidez de Actos Societarios.jpg _yImagen de portada _qimage/jpeg |
| 999 |
_c850 _d850 |
||